Freshwater Fish Species of New York - Statistics

General Stats
  • This quiz has been taken 18 times
  • The average score is 24 of 179
Answer Stats
Genus Range Answer % Correct
Micropterus Found all throughout New York Largemouth Bass
92%
Oncorhynchus Found all throughout New York Rainbow Trout
92%
Micropterus Found all throughout New York Smallmouth Bass
92%
Anguilla Found all Throughout New York American Eel
83%
Lepomis Found all throughout New York Bluegill
75%
Salmo Found all throughout New York Brown Trout
75%
Esox West, central and North Muskellunge
67%
Salvelinus Found all throughout New York Brook Trout
58%
Cyprinus Found all throughout New York Common Carp
58%
Esox Found all throughout New York Northern Pike
58%
Monroe Southeast Striped Bass
58%
Perca Found all throughout New York Yellow Perch
58%
Esox Found all throughout New York Chain Pickerel
50%
Oncorhynchus Great Lakes Chinook Salmon
50%
Sander Found all throughout New York Walleye
50%
Amia Found all Throughout New York Bowfin
42%
Carassius Found all Throughout New York Goldfish
42%
Ctenopharyngodon North and Southeast Grass Carp
42%
Salvelinus Northeast, and central Lake Trout
42%
Lepomis Found all throughout New York Pumpkinseed
42%
Ambloplites Found all throughout New York Rock Bass
42%
Monroe West, and central White Bass
42%
Pomoxis Central, Southeast, and West White Crappie
42%
Monroe North, central, and Southeast White Perch
42%
Salmo North, central, and Southeast Atlantic Salmon
33%
Pomoxis Found all throughout New York Black Crappie
33%
Ameiurus Found all throughout New York Brown Bullhead
33%
Esox West and Northwest Grass Pickerel
33%
Acipenser North Lake Sturgeon
33%
Ameiurus North, West and central Black Bullhead
25%
Lota Central, North and West Burbot
25%
Semotilus Found all throughout New York Creek Chub
25%
Aplodinotus North, West, and East Freshwater Drum
25%
Lepomis Found all throughout New York Green Sunfish
25%
Lepisosteus Found all Throughout New York Longnose Gar
25%
Oncorhynchus Great Lakes Pink Salmon
25%
Oncorhynchus North and East Sockeye Salmon
25%
Esox Found all throughout New York Tiger Muskellunge
25%
Ameiurus Found all throughout New York Yellow Bullhead
25%
Alosa Found all Throughout New York Alewife
17%
Alosa North and Southeast American Shad
17%
Acipenser Hudson River Atlantic Sturgeon
17%
Sander Great Lakes (potentially exasperated) Blue Pike
17%
Ictalurus Found all throughout New York Channel Catfish
17%
Oncorhynchus Great Lakes Coho Salmon
17%
Luxilus Found all throughout New York Common Shiner
17%
Semotilus North, South, East, and Central Fallfish
17%
Notemigonus Found all throughout New York Golden Shiner
17%
Couesius East and North Lake Chub
17%
Acantharchus Southeast (potentially exasperated) Mud Sunfish
17%
Channa Southeast Northern Snakehead
17%
Lepomis Northwest Northern Sunfish
17%
Lepomis East and Central Redbreast Sunfish
17%
Esox East and Southeast Redfin Pickerel
17%
Acipenser Hudson River Shortnose Sturgeon
17%
Ictiobus Small pockets in lake Erie Smallmouth Buffalo
17%
Catostomus Found all throughout New York White Sucker
17%
Polyodon Southwest American Paddlefish
8%
Enneacanthus Long Island Banded Sunfish
8%
Ictiobus Small pockets in lake Erie and Ontario Bigmouth Buffalo
8%
Moxostoma West Black Redhorse
8%
Alosa Hudson River Blueback Herring
8%
Etheostoma Southwest Bluebreast Darter
8%
Coregonus Found all throughout New York Cisco
8%
Myoxocephalus Lake Ontario Deepwater Sculpin
8%
Ammocrypta North Eastern Sand Darter
8%
Etheostoma North, central, and West Fantail Darter
8%
Percina Southwest Gilt Darter
8%
Dorosoma Found all Throughout New York Gizzard Shad
8%
Erimystax Southwest Gravel Chub
8%
Notropis Southeast Ironcolor Shiner
8%
Erimyzon Northwest Lake Chubsucker
8%
Coregonus East, North, and central Lake Whitefish
8%
Percina Southwest Longhead Darter
8%
Rhinichthys Found all throughout New York Longnose Dace
8%
Catostomus North, East, and Central Longnose Sucker
8%
Hiodontidae West and North Mooneye
8%
Cottus Southwest and central Mottled Sculpin
8%
Fundulus Southeast Mummichog
8%
Notropis North Pugnose Shiner
8%
Carpiodes West, Central, and North Quillback
8%
Lythrurus West Redfin Shiner
8%
Prosopium ADK Round Whitefish
8%
Sander East Sauger
8%
Petromyzon Found all Throughout New York Sea Lamprey
8%
Machrhybopsis West Silver Chub
8%
Ichthyomyzon Found all Throughout New York Silver Lamprey
8%
Cottus Found all throughout New York Slimy Sculpin
8%
Salvelinus Northeast Splake
8%
Cottus Great lakes (potentially exasperated) Spoonhead Sculpin
8%
Etheostoma Southwest Spotted Darter
8%
Erimystax Southwest Streamline Chub
8%
Etheostoma Long island Swamp Darter
8%
Tinca Lake Champlain Tench
8%
Magariscus Central Allegheny Pearl Dace
0%
Lethenteron Found all Throughout New York American Brook Lamprey
0%
Microgadus Southeast Atlantic Tomcod
0%
Etheostoma Southwest Banded Darter
0%
Fundulus Found all throughout New York Banded Kilifish
0%
Hybopsis West Bigeye Chub
0%
Notropis West Bigmouth Shiner
0%
Rhodeus Southeast Bitterling
0%
Notropis North, West, and Central Blackchin Shiner
0%
Notropis North, West, and Central Blacknose Shiner
0%
Percina Southwest Blackside Darter
0%
Coregonus Lake Ontario Bloater
0%
Enneacanthus Southeast Bluespotted Sunfish
0%
Pimephales Found all throughout New York Bluntnose Minnow
0%
Hybognathus North Brassy Minnow
0%
Notropis Found all throughout New York Bridle Shiner
0%
Noturus Central, and West Brindled Madtom
0%
Labidesthes Found all throughout New York Brook Silverside
0%
Culaea North, Northeast, West, and central Brook Stickleback
0%
Umbra Found all throughout New York Central Mudminnow
0%
Campostoma Found all Throughout New York Central Stoneroller
0%
Percina Southwest and Northeast Channel Darter
0%
Notropis Southeast and South-Central Comely Shiner
0%
Exoglossum Found all throughout New York Cutlip Minnow
0%
Rhinichthys North, East, Central, and South Eastern Blacknose Dace
0%
Erimyzon Central, and Southeast Eastern Creek Chubsucker
0%
Umbra Southeast Eastern Mudminnow
0%
Hybognathus Found all throughout New York Eastern Silvery Minnow
0%
Notropis Found all throughout New York Emerald Shiner
0%
Pimephales Found all throughout New York Fathead Minnow
0%
Chrosomus North Finescale Dace
0%
Apeltes Southeast Fourspine Stickleback
0%
Moxostoma West Golden Redhorse
0%
Moxostoma Northeast and Northwest Greater Redhorse
0%
Etheostoma West and central Greenside Darter
0%
Nocomis West and Central Hornyhead Chub
0%
Etheostoma North, and West Iowa Darter
0%
Etheostoma West and North Johnny Darter
0%
Coregonus Lake Ontario (may be exasperated) Kiyi
0%
Percina Found all throughout New York Logperch
0%
Noturus North, Central, and East Margined Madtom
0%
Notropis North, West, and Central Mimic Shiner
0%
Ichthyomyzon Southwest Mountain Brook Lamprey
0%
Pungitius Long island Ninespine Stickleback
0%
Ichthyomyzon West and ADK Northern Brook Lamprey
0%
Hypentelium West and Central Northern Hog Sucker
0%
Magariscus North Northern Pearl Dace
0%
Chrosomus North Northern Redbelly Dace
0%
Ichthyomyzon Southwest Ohio Lamprey
0%
Misgurnus Southeast and Southwest Oriental Weatherfish
0%
Aphredoderus Lake Ontario and Long island Pirate Perch
0%
Etheostoma West Rainbow Darter
0%
Osmerus Found all throughout New York Rainbow Smelt
0%
Clinostomus West Redside Dace
0%
Nocomis West and South-Central River Chub
0%
Moxostoma Southwest River Redhorse
0%
Notropis Found all throughout New York Rosyface Shiner
0%
Neogobius Great lakes Round Goby
0%
Scardinius Found all throughout New York Rudd
0%
Notropis Found all throughout New York (mostly West) Sand Shiner
0%
Cyprinella Found all throughout New York Satinfin Shiner
0%
Percina Central Shield Darter
0%
Moxostoma West, central, and North Shorthead Redhorse
0%
Coregonus Lake Ontario (may be exasperated) Shortnose Cisco
0%
Notropis Southwest Silverjaw Minnow
0%
Moxostoma West and North Silver Redhorse
0%
Notropis Southewest Silver Shiner
0%
Moxostoma Southwest Smallmouth Redhorse
0%
Cyprinella Found all throughout New York Spotfin Shiner
0%
Notropis Found all throughout New York Spottail Shiner
0%
Minytrema Small pockets in lake Erie and Ontario Spotted Sucker
0%
Noturus North, West, and central Stonecat
0%
Luxilus West and Northeast Striped Shiner
0%
Catostomus North Summer Sucker
0%
Notropis South-Central Swallowtail Shiner
0%
Noturus Found all throughout New York Tadpole Madtom
0%
Etheostoma Found all throughout New York Tessellated Darter
0%
Gasterosteus Lake Ontario, and Southeast Threespine Stickleback
0%
Exoglossum Southwest Toungetied Minnow
0%
Percopsis West, central, and East Trout-Perch
0%
Etheostoma Southwest Varlegate Darter
0%
Lepomis Southeast Warmouth
0%
Rhinichthys West Western Blacknose Dace
0%
Gambusia Southeast Western Mosquitofish
0%
Ameiurus Southeast White Catfish
0%
No matching quizzes found
Score Distribution
Percent of People with Each Score
Percentile by Number Answered
Your Score History
You have not taken this quiz